Statistiques concernant Slogans de marques

Cliquez ici pour prendre le quiz!

Statistiques générales

  • Ce quiz a été pris 33 fois
  • Le résultat moyen est 5 sur 15

Statistiques - réponses

MarqueSlogan% Correct
RedbullRedbull donne des ailes
89%
GifiGifi des idées de génie
82%
TipiakPirate
71%
GeoxLa chaussure qui respire
54%
AndrosLa force du fruit
43%
TrivagoUn hôtel ? Trivago
32%
FindusHeureusement il y a Findus
29%
PanzaniDes pâtes, oui, mais des panzani
21%
KitkatHave a break, have a Kitkat
18%
DanetteTout le monde se lève pour Danette
18%
VintedTu ne le portes plus ? Vends-le !
11%
CICConstruisons dans un monde qui bouge
7%
Leroy MerlinEt vos projets vont plus loin
4%
DelacreLes petites fêtes de tous les jours
4%
Comme j'aimeSouriez à la vie
4%

Distribution des résultats

Percentile par nombre de réponses

% des personnes avec chaque résultat

Votre développement - résultats

Vous n’avez pas pris ce quiz